Movies Quiz

Random Movies or Actress Quiz

MTV Movie Awards - Best Villain Quiz Stats

 Plays Quiz not verified by Sporcle

Score 0/114 Timer 15:00
0 Plays Today
Movie Actor % Correct
Jurassic ParkThe T. Rex
97.2%
Batman ForeverJim Carrey
95.1%
The Cable Guy *Jim Carrey
95.1%
How the Grinch Stole Christmas *Jim Carrey
95.1%
Lemony Snicket's A Series of Unfortunate EventsJim Carrey
95.1%
A Few Good MenJack Nicholson
92.3%
The Departed *Jack Nicholson
92.3%
Interview with the VampireTom Cruise
91.9%
CollateralTom Cruise
91.9%
The Dark Knight *Heath Ledger
91.5%
Austin Powers: International Man of Mystery *Mike Myers
91.1%
Austin Powers: The Spy Who Shagged Me *Mike Myers
91.1%
Austin Powers in GoldmemberMike Myers
91.1%
Training Day *Denzel Washington
90.3%
American GangsterDenzel Washington
90.3%
Batman ReturnsDanny DeVito
89.5%
Face/OffNicolas Cage and John Travolta
89.1%
Sweeney Todd: The Demon Barber of Fleet Street *Johnny Depp
89.1%
HannibalAnthony Hopkins
88.3%
Cape FearRobert De Niro
87.9%
Seven *Kevin Spacey
87.9%
The FanRobert De Niro
87.9%
Blown AwayTommy Lee Jones
87%
Batman ForeverTommy Lee Jones
87%
The Devil Wears PradaMeryl Streep
87%
The Talented Mr. RipleyMatt Damon
86.2%
Gangs of New YorkDaniel Day-Lewis
85%
A Time to KillKiefer Sutherland
83.4%
Phone BoothKiefer Sutherland
83.4%
GladiatorJoaquin Phoenix
82.6%
Dodgeball: A True Underdog Story *Ben Stiller
82.2%
The Hunger Games: Catching FireDonald Sutherland
82.2%
Harry Potter and the Goblet of FireRalph Fiennes
81.8%
Django UnchainedLeonardo DiCaprio
81.8%
Spider-ManWillem Dafoe
81.4%
No Country for Old MenJavier Bardem
80.2%
SkyfallJavier Bardem
80.2%
Lethal Weapon 4Jet Li
78.1%
Movie Actor % Correct
The Dark Knight RisesTom Hardy
77.7%
The Devil's AdvocateAl Pacino
76.9%
Pirates of the Caribbean: The Curse of the Black PearlGeoffrey Rush
76.9%
Inglourious BasterdsChristoph Waltz
76.9%
The Green HornetChristoph Waltz
76.9%
Robin Hood: Prince of ThievesAlan Rickman
76.1%
The Lion KingJeremy Irons
76.1%
Broken ArrowJohn Travolta
76.1%
Horrible Bosses *Jennifer Aniston
75.3%
DaredevilColin Farrell
74.9%
BeowulfAngelina Jolie
74.9%
Alice in WonderlandHelena Bonham Carter
74.9%
Horrible BossesColin Farrell
74.9%
Mean GirlsRachel McAdams
74.5%
The Lord of the Rings: The Fellowship of the RingChristopher Lee
73.7%
DisclosureDemi Moore
73.3%
CasinoJoe Pesci
73.3%
Charlie's Angels: Full ThrottleDemi Moore
73.3%
New Jack CityWesley Snipes
70.4%
Demolition ManWesley Snipes
70.4%
TitanicBilly Zane
70.4%
Kill Bill: Vol. 1 *Lucy Liu
69.6%
Cruel IntentionsSarah Michelle Gellar
69.2%
Iron Man 2Mickey Rourke
68.8%
Speed *Dennis Hopper
68%
The Avengers *Tom Hiddleston
68%
Hollow ManKevin Bacon
66.8%
Star Wars Episode III: Revenge of the Sith *Hayden Christensen
66.4%
Air Force OneGary Oldman
66%
Primal FearEdward Norton
65.6%
There's Something About Mary *Matt Dillon
65.6%
Batman BeginsCillian Murphy
64.8%
Oz the Great and Powerful *Mila Kunis
64.8%
12 Years a SlaveMichael Fassbender
64.8%
The Chronicles of Narnia: The Lion, the Witch and the WardrobeTilda Swinton
64%
Star Trek Into DarknessBenedict Cumberbatch
63.6%
Spider-Man 3Topher Grace
62.8%
Spider-Man 2Alfred Molina
61.5%
Movie Actor % Correct
FearMark Wahlberg
61.1%
The Dark Knight RisesMarion Cotillard
59.9%
The Good SonMacaulay Culkin
58.7%
Sleepy HollowChristopher Walken
55.9%
Get SmartDwayne Johnson
54.7%
Harry Potter and the Half-Blood Prince *Tom Felton
54.3%
Harry Potter and the Deathly Hallows: Part 1 *Tom Felton
54.3%
Terminator 2: Judgment DayRobert Patrick
53.8%
Queen of the DamnedAaliyah
52.6%
Single White Female *Jennifer Jason Leigh
52.2%
Pirates of the Caribbean: Dead Man's ChestBill Nighy
51.8%
In the Line of FireJohn Malkovich
51%
The Hand That Rocks the Cradle *Rebecca De Mornay
48.6%
BridesmaidsJon Hamm
48.6%
The HelpBryce Dallas Howard
44.5%
Planet of the ApesTim Roth
42.5%
Saw IITobin Bell
42.1%
Saw IIITobin Bell
42.1%
The Crush *Alicia Silverstone
41.3%
Captain PhillipsBarkhad Abdi
39.7%
BladeStephen Dorff
38.9%
Star Wars Episode I: The Phantom MenaceRay Park
38.1%
JawbreakerRose McGowan
34.8%
Toy Story 3Ned Beatty
34.8%
Bride of ChuckyBrad Dourif
33.6%
The HangoverKen Jeong
33.2%
The CellVincent D'Onofrio
30.8%
The RoommateLeighton Meester
30.8%
Unlawful EntryRay Liotta
29.6%
The Ring *Daveigh Chase
23.9%
300Rodrigo Santoro
21.5%
AvatarStephen Lang
21.5%
Hellboy II: The Golden ArmyLuke Goss
16.2%
Rush Hour 2Zhang Ziyi
15%
Project XOliver Cooper
14.6%
Friday the 13thDerek Mears
13.4%
Prom NightJohnathon Schaech
10.9%
The Texas Chainsaw MassacreAndrew Bryniarski
9.7%

You're not logged in!

Compare scores with friends on all Sporcle quizzes.
OR
Log In

Show Comments

Extras

Top Quizzes Today


Score Distribution

Your Account Isn't Verified!

In order to create a playlist on Sporcle, you need to verify the email address you used during registration. Go to your Sporcle Settings to finish the process.

Report this User

Report this user for behavior that violates our Community Guidelines.

Details: